000 00627nam a2200205Ia 4500
003 GCL
008 140319s9999 xx 000 0 ara d
020 _a9190309977
040 _aGCL /
_cGCL
082 0 4 _a928.1
_bم ن
100 1 _aمحمد سلماوى
245 1 0 _aنجيب محفوظ : المحطة الاخيرة /
_cمحمد سلماوى
250 _aالثانية
260 _aالقاهرة :
_bدار الشروق ،
_c2007
300 _a111 ص ؛
_c24 سم
650 0 4 _aالادباء المصريون
650 0 4 _aنجيب محفوظ
650 0 4 _aالادباء العرب - مصر
942 _2ddc
_cBK
999 _c9610
_d9610